[Event "Challenge"]
[Site "http://www.queenalice.com/game.php?id=1273712"]
[Date "2014.4.17"]
[Round "-"]
[White "ZUMBI"]
[Black "Jerzy"]
[Result "0-1"]
[WhiteElo "2054"]
[BlackElo "1990"]

1. e4 c5 2. Nf3 d6 3. d4 cxd4 4. Qxd4 Nc6 5. Qa4 Bd7 6. Nc3 a6 7. Bd3 e5 8. O-O
Nd4 9. Qc4 b5 10. Qd5 Bc6 11. Qxc6+ Nxc6 12. Be3 Nf6 13. a4 b4 14. Ne2 Be7 15.
Bc4 O-O 16. Ng5 h6 17. Bxf7+ Rxf7 18. Nxf7 Kxf7 19. c3 Nxe4 20. f3 Nc5 21. Bxc5
dxc5 22. f4 e4 23. Rfd1 Qc7 24. g3 Rd8 0-1

[Event "Challenge"]
[Site "http://www.queenalice.com/game.php?id=1273713"]
[Date "2014.4.17"]
[Round "-"]
[White "Jerzy"]
[Black "ZUMBI"]
[Result "1-0"]
[WhiteElo "2026"]
[BlackElo "2054"]

1. d4 d5 2. Nf3 Nc6 3. c4 Nf6 4. Nc3 Bg4 5. e3 e5 6. dxe5 Ne4 7. cxd5 Nb4 8.
Nxe4 Be7 9. Nc3 Bf5 10. e4 Bg6 11. a3 Na6 12. Bb5+ Kf8 13. Bxa6 bxa6 14. O-O h5
15. Bf4 h4 16. d6 cxd6 17. exd6 Bf6 18. e5 Be4 19. Nxe4 h3 20. exf6 Rg8 21.
fxg7+ Rxg7 22. Bh6 Qd7 23. Qd4 f5 24. Qxg7+ Qxg7 25. Bxg7+ Kxg7 26. Neg5 Kg6 27.
d7 1-0

[Event "Let's Play Chess!"]
[Site "http://www.queenalice.com/game.php?id=1332043"]
[Date "2015.1.1"]
[Round "-"]
[White "bluemoon2"]
[Black "ZUMBI"]
[Result "0-1"]
[WhiteElo "1960"]
[BlackElo "2072"]

1. e4 e5 2. d4 Nc6 3. d5 Nb4 4. a3 Na6 5. Be2 Nc5 6. Nc3 d6 7. h3 Nf6 8. Bf3 g6
9. Nge2 Bg7 10. O-O O-O 11. Be3 a5 12. Ng3 c6 13. Bxc5 dxc5 14. dxc6 Qb6 15.
cxb7 Bxb7 16. Qc1 Ba6 17. Re1 c4 18. Nf1 Rfe8 19. Ne3 Bb5 20. Ned5 Nxd5 21. Nxd5
Qc5 22. Qg5 h6 23. Qh4 h5 24. Nf6+ Bxf6 25. Qg3 h4 26. Qh2 a4 27. c3 Bd8 28. g3
Bb6 29. Rf1 Bd8 30. Qg2 Qd6 31. Rad1 Qc5 32. Kh2 Bc6 33. Rd2 Bg5 34. Rdd1 Rab8
35. Rb1 Kg7 36. gxh4 Bf4+ 37. Kh1 Rh8 38. Qg4 Qe7 39. Bg2 Bd7 40. Qf3 Rxh4 0-1

[Event "Challenge"]
[Site "http://www.queenalice.com/game.php?id=1342420"]
[Date "2015.2.18"]
[Round "-"]
[White "ZUMBI"]
[Black "deutscher_2503"]
[Result "0-1"]
[WhiteElo "2084"]
[BlackElo "2124"]

1. e4 c5 2. d4 cxd4 3. Qxd4 Nc6 4. Qa4 g6 5. Nc3 Bg7 6. Nf3 d6 7. Bc4 a6 8. Ng5
e6 9. Bf4 Qf6 10. g3 Bd7 11. Nb5 Kd8 12. h4 h6 13. Nxd6 Ne5 14. Bxe5 Qxe5 15.
Ndxf7+ Ke8 16. Qxd7+ Kxd7 17. Nxe5+ Bxe5 18. c3 hxg5 19. O-O-O+ Kc7 20. Bxe6 Nf6
21. f4 gxf4 22. g4 Rad8 23. g5 Nxe4 24. Bf7 Rxd1+ 25. Rxd1 f3 26. Be6 Rxh4 27.
Rd7+ Kb6 28. Rd5 Bf4+ 29. Kc2 Nxg5 30. Bc8 Rh2+ 31. Kb3 f2 32. Rd1 Ne4 33. Bg4
Rg2 34. Bf3 Nd2+ 35. Ka3 Nxf3 36. b4 Rg1 37. Rd7 f1=Q 38. Rf7 Qc4 39. Rf6+ Kb5
40. Rf8 Qxc3# 0-1

[Event "Challenge"]
[Site "http://www.queenalice.com/game.php?id=1342421"]
[Date "2015.2.18"]
[Round "-"]
[White "deutscher_2503"]
[Black "ZUMBI"]
[Result "1-0"]
[WhiteElo "2066"]
[BlackElo "2084"]

1. c4 e5 2. Nc3 Nf6 3. g3 Nc6 4. Bg2 Bb4 5. Nf3 O-O 6. Nd5 Ne4 7. Nxe5 Nxf2 8.
Kxf2 Nxe5 9. Nxb4 Nxc4 10. Rf1 a5 11. Nd5 c6 12. Nc3 d5 13. d3 Ne5 14. Bf4 Re8
15. Rc1 Qb6+ 16. d4 Ng4+ 17. Kg1 c5 18. dxc5 Qxc5+ 19. e3 Rxe3 20. Qxd5 Qb6 21.
Bxe3 Nxe3 22. Qxf7+ Kh8 23. Qe8# 1-0

[Event "Challenge"]
[Site "http://www.queenalice.com/game.php?id=1342424"]
[Date "2015.2.18"]
[Round "-"]
[White "ZUMBI"]
[Black "honoriolemos"]
[Result "0-1"]
[WhiteElo "2084"]
[BlackElo "2108"]

1. e4 g6 2. d4 Bg7 3. e5 c5 4. Nf3 cxd4 5. Nxd4 Bxe5 6. Nc3 a6 7. Nf3 Bg7 8. Bc4
e6 9. Bf4 b5 10. Bd3 Bb7 11. O-O Ne7 12. Re1 O-O 13. a4 b4 14. Ne4 Bxb2 15. Rb1
Bxe4 16. Bxe4 d5 17. Bd3 Bc3 18. Re2 Nd7 19. Bh6 Re8 20. Ng5 Nc5 21. h4 Nxd3 22.
Qxd3 Nf5 23. h5 Nxh6 24. hxg6 hxg6 25. Qg3 Qf6 26. Re3 Nf5 27. Qg4 Nxe3 28. fxe3
Rac8 29. Qh4 Qg7 30. Rf1 Re7 0-1

[Event "Challenge"]
[Site "http://www.queenalice.com/game.php?id=1342425"]
[Date "2015.2.18"]
[Round "-"]
[White "honoriolemos"]
[Black "ZUMBI"]
[Result "1-0"]
[WhiteElo "2054"]
[BlackElo "2084"]

1. d4 d5 2. c4 Nf6 3. Nc3 g6 4. Nf3 Bg7 5. Bf4 O-O 6. e3 Bg4 7. cxd5 Nxd5 8. Bg3
Nc6 9. Be2 a5 10. Qb3 Be6 11. Ng5 Nxe3 12. fxe3 h6 13. Nxe6 fxe6 14. Qxe6+ Kh7
15. Bd3 Rf6 16. Qg4 h5 17. Qxh5+ Kg8 18. Bxg6 Kf8 19. Ne4 Re6 20. Rf1+ Bf6 21.
Qh8# 1-0

[Event "Challenge"]
[Site "http://www.queenalice.com/game.php?id=1342426"]
[Date "2015.2.18"]
[Round "-"]
[White "ZUMBI"]
[Black "honoriolemos"]
[Result "0-1"]
[WhiteElo "2084"]
[BlackElo "2129"]

1. e4 g6 2. d4 Bg7 3. Nc3 a6 4. Nf3 b5 5. Bf4 Bb7 6. Nd5 d6 7. c4 c6 8. Nb4 Nd7
9. a4 Qa5 10. Bd2 Qc7 11. axb5 axb5 12. cxb5 cxb5 13. Bxb5 Nf6 14. O-O Rxa1 15.
Qxa1 O-O 16. Bf4 Nxe4 17. Qa7 Ra8 18. Nd5 Rxa7 19. Nxc7 Nef6 20. Re1 Bxf3 21.
gxf3 Rxc7 22. Rxe7 Bf8 23. Bxd6 Rc1+ 24. Kg2 Bxe7 25. Bxe7 Rd1 26. Bxd7 Nxd7 27.
b4 Rxd4 28. b5 Rd5 29. h4 Rxb5 30. f4 f6 0-1

[Event "Challenge"]
[Site "http://www.queenalice.com/game.php?id=1342427"]
[Date "2015.2.18"]
[Round "-"]
[White "honoriolemos"]
[Black "ZUMBI"]
[Result "1-0"]
[WhiteElo "2148"]
[BlackElo "2084"]

1. d4 d5 2. c4 Nf6 3. Nc3 g6 4. Nf3 Bg7 5. Bf4 O-O 6. e3 a6 7. Bd3 Nc6 8. O-O
Bg4 9. h3 Bxf3 10. Qxf3 Nb4 11. Be2 Nc2 12. Rac1 Nb4 13. a3 Nc6 14. cxd5 Na5 15.
b4 Nb3 16. Rc2 a5 17. Rb1 axb4 18. axb4 Ra3 19. Nb5 Ra1 20. Rxa1 Nxa1 21. Rxc7
Nc2 22. Rxc2 Nxd5 23. Nc7 Nxb4 24. Rc4 Na6 25. Nxa6 bxa6 26. Qc6 a5 27. Bc7 Qa8
28. Qxa8 Rxa8 29. Ra4 1-0